Gestión de suelo y agua en sistemas productivos de la provincia de San Luis /
Guardado en:
| Autor Principal: | |
|---|---|
| Autor Corporativo: | |
| Otros Autores: | |
| Formato: | Libro |
| Idioma: | Spanish |
| Publicado: |
Buenos Aires :
Ediciones INTA,
2015.
|
| Edición: | 1a ed. |
| Series: | Colección Recursos
|
| Acceso en línea: | Texto completo |
| Etiquetas: |
Agregar Etiqueta
Sin Etiquetas, Sea el primero en etiquetar este registro!
|
| LEADER | 00886nam a22002175a 4500 | ||
|---|---|---|---|
| 001 | EEA.libagro010604 | ||
| 005 | 20181011124657.0 | ||
| 008 | 151125s2015####ag############000#0#spa#d | ||
| 020 | |a 9789875216259 | ||
| 082 | 0 | 4 | |a 631.4 |
| 100 | 1 | |a Saenz, Claudio Alejandro. | |
| 245 | 1 | 0 | |a Gestión de suelo y agua en sistemas productivos de la provincia de San Luis / |c Claudio Alejandro Saenz y Juan Cruz Colazo. |
| 250 | |a 1a ed. | ||
| 260 | |a Buenos Aires : |b Ediciones INTA, |c 2015. | ||
| 300 | |a v, 142 p. : |b il. (algunas col.), mapas ; |c 29 cm. | ||
| 490 | 1 | |a Colección Recursos | |
| 530 | |a Disponible también en línea | ||
| 700 | 1 | |a Colazo, Juan Cruz. | |
| 710 | 2 | |a Instituto Nacional de Tecnología Agropecuaria (Argentina) | |
| 856 | |u https://inta.gob.ar/sites/default/files/inta-gestion%5Fdel%5Fsuelo%5Fy%5Fagua.pdf |3 Texto completo | ||
| 859 | |a AR-BbBCA |b BIB. AGRONOMIA |h 631.4 |i S127 |p 2015/6622 | ||
